000 00759nam a2200253 a 4500
001 BRCA_5252
005 20190320205013.0
008 301110s1939----nyua######---#000-0#eng-#
041 _aeng
044 _anyu
050 4 _aND259.R5
_b.W65
_c1939
100 1 _aWolfe, Bertram D.
_913457
245 1 0 _aDiego Rivera
_bhis life and times
_cBertram D. Wolfe.
260 _aNueva York
_bAlfred A. Knopf
_c1939
300 _axxxi, xiv, 420 p.
_bil. color, 166 láminas
_c24 cm.
500 _aIncluye índice analítico
500 _aLibro dedicado por el autor al Sr. Franz Mayer
500 _aE71
504 _aBibliografía: p. 411-420
600 1 4 _aRivera, Diego
_d1886-1957
_91330
650 1 4 _aPintores mexicanos
_94220
902 _aGFM
942 _2lcc
_cB
999 _c4946
_d4946